Kisah Nur dan teladan buat perindu syurga : jilid 2

Bibliographic Details
Main Author: Zubaidi Wahyono Haji Rahmat (Author)
Format: Book
Language:Malay
Published: Kuala Lumpur : Utusan Publications & Distributors Sdn Bhd , c2006
Subjects:

MARC

LEADER 00000cam a2200000 7i4500
001 0000044521
005 20201201093000.0
008 081126s2006 my may
020 |a 9676118176 
020 |a 9789676118172 
090 0 0 |a BP70   |b .Z83 2006 
100 0 |a Zubaidi Wahyono Haji Rahmat ,   |e author 
245 1 0 |a Kisah Nur dan teladan buat perindu syurga :   |b jilid 2   |c Zubaidi Wahyono Rahmat 
260 |a Kuala Lumpur :   |b Utusan Publications & Distributors Sdn Bhd ,   |c c2006 
300 |a vi, 68 p. ;   |c 22 cm. 
504 |a Includes bibliographical references (p. 69) 
505 0 |a 1. Kisah-kisah calon penghuni syurga -- 2. Kisah-kisah khalifah -- 3. Kisah-kisah berpandukan nasihat, petua dan mutiara hikmah 
600 0 0 |a Muhammad ,   |c Prophet ,   |d - 632 
600 0 0 |a Muhammad ,   |c Prophet ,   |d d. 632   |x Friends and associates 
999 |a 1000107058   |b Book   |c OPEN SHELF (30 DAYS)   |e Gong Badak Campus